Amérique, pourquoi refuses-tu d'être noire? (notice n° 2197855)
[ vue normale ]
| 000 -LEADER | |
|---|---|
| fixed length control field | 01592cam a2200133 4500500 |
| 005 - DATE AND TIME OF LATEST TRANSACTION | |
| control field | 20260405085455.0 |
| 041 ## - LANGUAGE CODE | |
| Language code of text/sound track or separate title | fre |
| 042 ## - AUTHENTICATION CODE | |
| Authentication code | dc |
| 100 10 - MAIN ENTRY--PERSONAL NAME | |
| Personal name | Chevalier, Eddy |
| Relator term | author |
| 245 00 - TITLE STATEMENT | |
| Title | Amérique, pourquoi refuses-tu d'être noire? |
| 260 ## - PUBLICATION, DISTRIBUTION, ETC. | |
| Name of publisher, distributor, etc. | Armand Colin,<br/> |
| Date of publication, distribution, etc. | 2023.<br/> |
| 520 ## - SUMMARY, ETC. | |
| Summary, etc. | Floyd, Trayvon Martin, Eric Garner ou Michael Brown, ces tragiques événements dépassent de loin le mouvement Black Lives Matter. Il faut, les appréhender, revenir à la source d’un « Nouveau Monde », d’une terre de liberté qui rendit esclaves tant d’hommes et de femmes. Esclavage, guerre de Sécession, ségrégation, Kux Klux Klan ont en commun l’âme blanche de l’Amérique, devenant une idéologie.En revenant sur l’Histoire des premiers Américains, Eddy Chevalier pose sans ambage des questions claires. Afro-Américain est-il un oxymore ? Noirs et Blancs sont-ils en guerre ? Pourquoi la population blanche a-t-elle été aussi réfractaire à la mise en place d’une société égalitaire ? Comment adoucir la radicalité d’une partie de la communauté noire ayant reçu l’amertume en héritage ? Et enfin : qu’es-tu donc, Amérique ? Pourquoi refuses-tu si violemment d’être noire ?Cet essai se veut un manifeste antiraciste. Il prône l’éducation comme solution et s’attaque aux fausses vérités et préjugés dans l’acide corrosif d’une pédagogie historique, critique et exigeante. |
| 856 41 - ELECTRONIC LOCATION AND ACCESS | |
| Uniform Resource Identifier | <a href="https://shs.cairn.info/amerique-pourquoi-refuses-tu-d-etre-noire--9782200633479?lang=fr&redirect-ssocas=7080">https://shs.cairn.info/amerique-pourquoi-refuses-tu-d-etre-noire--9782200633479?lang=fr&redirect-ssocas=7080</a> |
Pas d'exemplaire disponible.




Réseaux sociaux